| 000 | 00459nam a22001577a 4500 | ||
|---|---|---|---|
| 999 |
_c535310 _d535310 |
||
| 003 | NUST | ||
| 020 |
_a012345603013 _qPB. |
||
| 038 | _aFizza Ishaq | ||
| 082 |
_a004.22 _bPAT |
||
| 100 |
_aHennessy, John L and Patterson, David A _929798 |
||
| 245 |
_aComputer Architecture / _bA Quantitative Approach _cJohn L. Hennessy and David A. Patterson |
||
| 250 | _a5th ed. | ||
| 260 |
_aNew Delhi : _bMK Publisher, _c2012. |
||
| 300 | _b493 p. ; | ||
| 942 |
_2ddc _cBK |
||